000 00980nam0a2200289 4500
001 RU\NLR\BIBL_A\022520098
005 20250810081356.0
035 _a(NLR Aleph) 022520098
090 _a13397806
_c13397806
100 _a20250411d1941 u y0rusy50 ca
101 0 _aarm
102 _aAM
105 _ay z 000 y
181 0 _ai
_baxxe
182 0 _an
200 1 _aՍուվորովյան հարված
_gԼ. Խվատ
203 _aТекст
_bвизуальный
_cнепосредственный
210 _aԵրեվան
_bՀայպետհրատ
_d1941
215 _a3,[1] c.
_d21
541 1 _6z01790
_aСуворовский удар
700 1 _aԽվատ
_bԼ.
_4700
790 0 _4700
_aХват
_bЛ.Б.
_gЛев Борисович
_9141605
_3RU\NLR\AUTH\770141641
942 _cBOOK
945 _aРоссийская национальная библиотека
_aНациональная библиотека Армении
980 _aNB
980 _aBV